Salud, salud reproductiva y mujer /
Сохранить в:
| Главный автор: | |
|---|---|
| Формат: | Текст |
| Предметы: | |
| Метки: |
Добавить метку
Нет меток, Требуется 1-ая метка записи!
|
MARC
| LEADER | 00000 a a2200000 04500 | ||
|---|---|---|---|
| 001 | 18529 | ||
| 003 | |||
| 040 | |||
| 100 | |a Santizo G, Roberto | ||
| 245 | |a Salud, salud reproductiva y mujer / |c Roberto Santizo G | ||
| 650 | |a SALUD | ||
| 650 | |a MUJERES | ||
| 650 | |a DERECHOS HUMANOS | ||
| 650 | |a CRECIMIENTO DEMOGRAFICO | ||
| 650 | |a REPRODUCCION | ||
| 773 | |g número 27; páginas 73-80 | ||
| 999 | |c 26636 |d 26636 | ||
